Sports Quiz

Random Sports Quiz

.300 AVG/.400 OBP/.500 SLG Yankee Teammates Quiz Stats

 Plays Quiz not verified by Sporcle

Challenge
Share
Tweet
Embed
Score 0/31 Timer 05:00
0 Plays Today
Year & Position Player % Correct
2007 3BAlex Rodriguez
98.9%
2007 CJorge Posada
98.9%
1999 SSDerek Jeter
98.9%
1933 OFBabe Ruth
98.9%
1932 OFBabe Ruth
98.9%
1931 OFBabe Ruth
98.9%
1930 OFBabe Ruth
98.9%
1929 OFBabe Ruth
98.9%
1928 OFBabe Ruth
98.9%
1927 OFBabe Ruth
98.9%
1926 OFBabe Ruth
98.9%
1937 1BLou Gehrig
97.8%
1936 1BLou Gehrig
97.8%
1933 1BLou Gehrig
97.8%
1932 1BLou Gehrig
97.8%
1931 1BLou Gehrig
97.8%
Year & Position Player % Correct
1930 1BLou Gehrig
97.8%
1929 1BLou Gehrig
97.8%
1928 1BLou Gehrig
97.8%
1927 1BLou Gehrig
97.8%
1926 1BLou Gehrig
97.8%
1999 OFBernie Williams
96.8%
1939 OFJoe Dimaggio
95.7%
1937 OFJoe Dimaggio
95.7%
1939 CBill Dickey
79.6%
1937 CBill Dickey
79.6%
1929 2BTony Lazzeri
64.5%
1930 OFEarl Combs
55.9%
1927 OFEarl Combs
55.9%
1939 OFGeorge Selkirk
28%
1936 OFGeorge Selkirk
28%

You're not logged in!

Compare scores with friends on all Sporcle quizzes.
Join for Free
OR
Log In

You Might Also Like...

Show Comments

Extras

Created Aug 4, 2015ReportNominate
Tags:300, 400, 500, avg, obp, player, season, slg, teammate

Top Quizzes Today


Score Distribution

Your Account Isn't Verified!

In order to create a playlist on Sporcle, you need to verify the email address you used during registration. Go to your Sporcle Settings to finish the process.

Report this User

Report this user for behavior that violates our Community Guidelines.

Details: